Soft templáty pre mezoporézne materiály bakalárska práca

Guardado en:
Detalles Bibliográficos
Autor principal: Štofko, Jakub
Formato: Libro
Lenguaje:eslovaco
Publicado: Bratislava STU FCHPT 2017
Acceso en línea:Ver en el OPAC
Etiquetas: Agregar Etiqueta
Sin Etiquetas, Sea el primero en etiquetar este registro!

MARC

LEADER 00000nam a2200000 a 4500
005 20260127134045.0
008 171204 2017 xo 001 0 slo d
035 |a vtls011725215 
039 9 |y 201712041153  |z mschk03 
040 |a STUSCHK1  |b slo  |c STUSCHK1  |e AACR2 
100 1 |a Štofko, Jakub 
245 1 |a Soft templáty pre mezoporézne materiály  |b bakalárska práca  |c 2017 
260 |a Bratislava  |b STU FCHPT  |c 2017 
300 |a 45 s.  |b il.  |c 25 cm 
500 |a Študijný program: chémia, medicínska chémia a chemické materiály 
500 |a Študijný odbor: chéia, chemické technológie 
500 |a Školiace pracovisko: Oddelenie organickej chémie, katalýzy a ropy 
500 |a Evid.číslo: FCHPT-13569-70767 
910 |a SCHK95 
999 |c 3072  |d 3072